[Event "Polanica Zdroj op-C 52nd"]
[Site "Polanica Zdroj"]
[Date "2016.08.28"]
[Round "5"]
[White "Rudecki, Bartosz"]
[Black "Lusio, Daniel"]
[Result "1-0"]
[WhiteElo "1665"]
[BlackElo "1889"]
[PlyCount "100"]
[EventDate "2016.08.20"]
[EventType "swiss"]
[EventRounds "9"]
[EventCountry "POL"]
[SourceTitle "CBM 174 Extra"]
[Source "ChessBase"]
[SourceDate "2016.10.10"]
[SourceVersion "1"]
[SourceVersionDate "2016.10.10"]
[SourceQuality "1"]

1. e4 d5 2. Nc3 c6 3. d4 dxe4 4. Nxe4 Nf6 5. Ng3 g6 6. Nf3 Bg7 7. Be2 Na6 8. 0-0 Nc7 9. c4 h5 10. h4 Ng4 11. Re1 0-0 12. Qd3 Ne6 13. Be3 Nc7 14. Rad1 b5 15. b3 a6 16. Ng5 Nh6 17. Bxh5 Nf5 18. Bf3 Bd7 19. h5 Rc8 20. Nxf5 Bxf5 21. Be4 e6 22. Bxf5 exf5 23. Bf4 Re8 24. hxg6 fxg6 25. Qh3 Qf6 26. Qh7+ Kf8 27. Qh4 Rxe1+ 28. Rxe1 Qxd4 29. Qg3 Qc3 30. Re3 Qa1+ 31. Kh2 Ne8 32. Re6 Nf6 33. Qd3 Ng4+ 34. Kg3 Bd4 35. Bd6+ Kg7 36. Re2 Bxf2+ 37. Rxf2 Nxf2 38. Kxf2 Re8 39. Nf3 Qxa2+ 40. Kg3 Re4 41. Be5+ Kh6 42. Bf4+ Kg7 43. Qd7+ Kg8 44. Qd8+ Kg7 45. Be5+ Rxe5 46. Qc7+ Kh6 47. Qxe5 Kh7 48. Ng5+ Kg8 49. Qe8+ Kg7 50. Qf7+ Kh6 1-0

[Event "POL-chT3 Podkarpackie"]
[Site "Czudec"]
[Date "2016.06.18"]
[Round "6.24"]
[White "Lusio, Daniel"]
[Black "Rawicz, Karol"]
[Result "1/2-1/2"]
[WhiteElo "1877"]
[BlackElo "2228"]
[PlyCount "66"]
[EventDate "2016.05.27"]
[EventType "team-tourn"]
[EventRounds "9"]
[EventCountry "POL"]
[SourceTitle "EXT 2018"]
[Source "ChessBase"]
[SourceDate "2017.10.13"]
[SourceVersion "1"]
[SourceVersionDate "2017.10.13"]
[SourceQuality "1"]
[WhiteTeam "Sedziszow Malopolski"]
[BlackTeam "Przemysl MKS Polonia"]
[WhiteTeamCountry "POL"]
[BlackTeamCountry "POL"]

1. e4 c5 2. Nf3 d6 3. c3 Nf6 4. Bd3 Nc6 5. Bc2 Bg4 6. d3 e6 7. 0-0 Be7 8. h3 Bh5 9. Be3 d5 10. exd5 Nxd5 11. Qe2 0-0 12. Re1 Qb6 13. Bc1 Rfd8 14. Bb3 Bf6 15. g4 Bg6 16. h4 h6 17. g5 hxg5 18. hxg5 Be7 19. Nh4 Bh7 20. Qg4 Bf5 21. Nxf5 exf5 22. Qxf5 g6 23. Qf3 Qc7 24. Nd2 Qd7 25. Nc4 Bd6 26. Nd2 Be5 27. Ne4 b6 28. Bd2 Kg7 29. Ba4 Rh8 30. Nf6 Bxf6 31. gxf6+ Kg8 32. c4 Nd4 33. Qg2 Qf5 1/2-1/2

[Event "POL-chT 2nd League"]
[Site "Lazy"]
[Date "2012.09.03"]
[Round "3"]
[White "Lusio, Daniel"]
[Black "Bokiej, Przemyslaw"]
[Result "1-0"]
[WhiteElo "1861"]
[BlackElo "2189"]
[PlyCount "109"]
[EventDate "2012.09.01"]
[EventType "team-swiss"]
[EventRounds "9"]
[EventCountry "POL"]
[SourceTitle "EXT 2019"]
[Source "ChessBase"]
[SourceDate "2018.10.10"]
[SourceVersion "1"]
[SourceVersionDate "2018.10.10"]
[SourceQuality "1"]
[WhiteTeam "Przemysl MKS Polonia"]
[BlackTeam "Bydgoszcz Chemik"]
[WhiteTeamCountry "POL"]
[BlackTeamCountry "POL"]

1. e4 e6 2. d4 d5 3. exd5 exd5 4. Bd3 c5 5. dxc5 Bxc5 6. Ne2 Nf6 7. 0-0 0-0 8. c3 Bg4 9. Qc2 Nc6 10. Bg5 h6 11. Bh4 Re8 12. h3 Bxe2 13. Bxe2 g5 14. Bg3 Ne4 15. Bh2 Qb6 16. Bd3 Rac8 17. Bxe4 dxe4 18. Nd2 Bxf2+ 19. Kh1 e3 20. Nc4 Qa6 21. b3 e2 22. Qf5 Qxa2 23. Nd6 Qxb3 24. c4 Rf8 25. Rxf2 Qc3 26. Qb1 Nd4 27. Nxc8 Rxc8 28. Be5 Qxa1 29. Qxa1 Nc2 30. Rxe2 Nxa1 31. Bxa1 Rxc4 32. Kh2 Kf8 33. Bf6 Rc6 34. Bd4 a6 35. Kg3 b5 36. Kf3 a5 37. Ke4 Rc4 38. Ke5 Rc8 39. Rb2 Rb8 40. Kd6 b4 41. Kc7 Rb5 42. Kc6 Rf5 43. Bc5+ Kg7 44. Ra2 Rf1 45. Rxa5 Rc1 46. Ra2 b3 47. Rb2 Rc2 48. Kd5 Rxb2 49. Bd4+ Kg6 50. Bxb2 Kf5 51. Bc1 f6 52. g4+ Kg6 53. Ke6 h5 54. Bb2 hxg4 55. hxg4 1-0

[Event "POL-chT 2nd League"]
[Site "Lazy"]
[Date "2012.09.02"]
[Round "2"]
[White "Skawinski, Arkadiusz"]
[Black "Lusio, Daniel"]
[Result "1/2-1/2"]
[WhiteElo "2309"]
[BlackElo "1861"]
[PlyCount "68"]
[EventDate "2012.09.01"]
[EventType "team-swiss"]
[EventRounds "9"]
[EventCountry "POL"]
[SourceTitle "EXT 2019"]
[Source "ChessBase"]
[SourceDate "2018.10.10"]
[SourceVersion "1"]
[SourceVersionDate "2018.10.10"]
[SourceQuality "1"]
[WhiteTeam "Gostynin Gostmat 83"]
[BlackTeam "Przemysl MKS Polonia"]
[WhiteTeamCountry "POL"]
[BlackTeamCountry "POL"]

1. e4 c5 2. c3 d5 3. d3 Nc6 4. Nd2 Nf6 5. Ngf3 dxe4 6. dxe4 e5 7. Qc2 a6 8. a4 Be7 9. Be2 0-0 10. 0-0 Qc7 11. Nc4 b6 12. Bg5 Be6 13. Ne3 Rfd8 14. Bc4 Bxc4 15. Nxc4 Nd7 16. Ne3 Bxg5 17. Nd5 Qb7 18. Nxg5 h6 19. Nf3 Nf8 20. Qb3 Rab8 21. Rfd1 Ne6 22. Rd2 b5 23. axb5 axb5 24. Qc2 c4 25. b4 cxb3 26. Qxb3 Nc5 27. Qc2 Ra8 28. Rxa8 Rxa8 29. h3 f6 30. Nh4 Ra4 31. Nb4 Nxb4 32. cxb4 Qxe4 33. bxc5 Qxh4 34. Rd8+ Kf7 1/2-1/2

[Event "POL-chT 2nd League"]
[Site "Mrzezyno"]
[Date "2011.09.07"]
[Round "5"]
[White "Szylko, Waldemar"]
[Black "Lusio, Daniel"]
[Result "1/2-1/2"]
[WhiteElo "2060"]
[BlackElo "1830"]
[PlyCount "131"]
[EventDate "2011.09.03"]
[EventType "team-swiss"]
[EventRounds "9"]
[EventCountry "POL"]
[SourceTitle "EXT 2015"]
[Source "ChessBase"]
[SourceDate "2014.11.20"]
[SourceVersion "1"]
[SourceVersionDate "2014.11.20"]
[SourceQuality "1"]
[WhiteTeam "Lubsko Caissa"]
[BlackTeam "Przemysl MKS Polonia"]
[WhiteTeamCountry "POL"]
[BlackTeamCountry "POL"]

1. e4 c5 2. Nc3 d6 3. g3 Nc6 4. d3 g6 5. Be3 Bg7 6. Qd2 Nf6 7. Bh6 Bxh6 8. Qxh6 Nd4 9. Qd2 b5 10. Bg2 Bb7 11. Nge2 Nxe2 12. Nxe2 0-0 13. 0-0 Kg7 14. f4 Qb6 15. h3 Rac8 16. Kh2 e6 17. g4 Qc7 18. Ng3 c4 19. g5 Nd7 20. Rac1 c3 21. bxc3 Qxc3 22. Qf2 a6 23. h4 f5 24. exf5 Bxg2 25. f6+ Kf7 26. Qxg2 d5 27. Rf2 Rfe8 28. Re2 Qd4 29. Rf1 Rc6 30. Qh3 Rg8 31. h5 Nf8 32. f5 e5 33. Rfe1 Qf4 34. Qg2 e4 35. dxe4 Qxg5 36. exd5 Qh4+ 37. Qh3 Qxh3+ 38. Kxh3 Rc3 39. Re7+ Kxf6 40. fxg6 hxg6 41. d6 gxh5 42. Rf1+ Kg5 43. Re5+ Kg6 44. Kh4 Rc4+ 45. Ne4 Kg7 46. Re7+ Kh6 47. Kh3 Ng6 48. Re6 Rg7 49. Rff6 Rd4 50. Ng3 Kh7 51. Ne4 Kh6 52. Kg2 h4 53. Kh3 Rd1 54. Nf2 Rd4 55. Nd3 Kg5 56. Rf1 Rxd3+ 57. cxd3 Nf4+ 58. Rxf4 Kxf4 59. Re4+ Kf5 60. a4 Rg3+ 61. Kxh4 Rxd3 62. Rb4 bxa4 63. Rb6 a5 64. Ra6 Ke6 65. Rxa5 Rd4+ 66. Kg3 1/2-1/2